| 000 | nam a22 a 4500 | ||
|---|---|---|---|
| 999 |
_c4033 _d4033 |
||
| 005 | 20170524162337.0 | ||
| 008 | 170524s2004 xxu i 000 0 eng d | ||
| 020 | _a0072923482 | ||
| 040 | _aAKMAL | ||
| 082 | _a808.51 LUC | ||
| 090 |
_a808.51 _bLUC |
||
| 100 |
_aLucas, Stephen _97903 |
||
| 245 |
_aTopicfinder to accompany The art of public speaking, 8th ed _cStephen E. Lucas |
||
| 250 | _a8th ed. | ||
| 260 |
_aBoston ; _bMcGraw-Hill _c2004 |
||
| 300 |
_a [16] p. ; _c23 cm. |
||
| 650 |
_aPublic speaking _v Indexes. _97904 |
||
| 700 |
_aLucas, Stephen _97903 |
||
| 942 |
_2ddc _cBOOK |
||